000 00546nam a2200133 4500
999 _c8401
_d8401
008 180202b xxu||||| |||| 00| 0 eng d
082 _aDPer 050 Dec 2015-Mar 2016 T48 v186-187
100 _926014
_aD'Addario, Daniel.
245 _aTrial of another century:
_bA new miniseries turns the O.J. Simpson saga into art/
_cDaniel D'Addario.
260 _aNew York :
_bTime Inc.,
_c©Dec 2015-Mar 2016.
300 _av186 n27-28, page 84-85:
_billustrations;
_c27 cm.
650 0 _926015
_aMotion pictures
_xProduction and direction.
942 _2ddc
_cPER